00401nam a2200145Ia 4500003000400000005001700004008004100021020001500062040000900077082001800086100002000104245008800124260003400212300000900246OSt20200701100816.0190216s9999||||xx |||||||||||||| ||und|| a0719540682 coclc a909.82bWAT/S aWatson, Jack B  0aSuccess In Twentieth Century World Affairs From 1919 To The 1980s /c Jack B Watson bJohn Murrary,c1984.aLondon: a487p